| 000 | 01360nam a2200241Ia 4500 | ||
|---|---|---|---|
| 999 |
_c37623 _d37623 |
||
| 001 | 3595 | ||
| 003 | GE_BSU | ||
| 005 | 20190627143605.0 | ||
| 008 | 181216s2008||||ge |||||||||||||| ||geo|| | ||
| 040 | _cGE_BSU | ||
| 041 | _ageo | ||
| 080 | _a323.15(479.22)+339.924(479.22)+316.4.063(479.22) ე–41 | ||
| 245 |
_aეთნიკური უმცირესობების სამოქალაქო ინტეგრაციის პოლიტიკის ანალიზი : _bბთკკ-პოლიტიკის კვლევის ჯგუფი, ეთნ. უმცირესობების პროგრამა / _cპროექტის დირექტორი მამუკა კომახია. |
||
| 264 |
_aთბილისი : _bშპს "სი-ჯ-ეს", _c2008. |
||
| 300 |
_a52 გვ. ; _b29 სმ. |
||
| 501 | _a დანართი: გვ. 49-52. | ||
| 504 | _aბიბლიოგრ. ტექსტ. შენიშვნ.. | ||
| 653 | _aეროვნული უმცირესობები | ||
| 653 | _aსამოქალაქო ინტეგრაცია | ||
| 653 | _aეროვნული უმცირესობები საქართველოში | ||
| 700 |
_aკომახია, მამუკა _92987 |
||
| 942 |
_cBK _2udc |
||